Statistics for Famous bands from Finland

Click here to take the quiz!

General Stats

  • This quiz has been taken 1,625 times
  • The average score is 6 of 10

Answer Stats

HintAnswer% Correct
Hard rock Hallelujah, Would you love a monsterman, Devil is a loserLordi
94%
Nemo, Bless the Child, StorytimeNightwish
87%
Sandstorm, Feel the beat, Tell meDarude
81%
Join me, Wings of a butterfly, The Funeral of heartsHIM
80%
Freestyler, B-boys fly girls, Something going onBomfunk MC's
56%
Brandon Lee, Lost boys, Never say die69 Eyes
48%
Don't you ever leave me, Up around the bend, Million miles awayHanoi rocks
46%
Jupiter Calling, Leningrad, Universal fieldsLeningrad cowboys
41%
Father time, The kiss of Judas, Hunting high and lowStratovarius
40%
I'm not Jesus, Bittersweet, End of meApocalyptica
37%

Score Distribution

Percentile by Number Answered

Percent of People with Each Score

Your Score History

You have not taken this quiz